000 00695nam a2200277Ia 4500
005 20260324140121.0
008 008 260324s9999 xx 000 0 eng d
020 _a9781315213965
037 _aEBOOK
040 _aCRL
040 _beng
040 _cCRL
041 _2eng
041 _aeng
084 _qCRL
100 _aChung-Shing Lee; Michael Pecht; Jiang Jun Lu; Zong Xiang Fu; Wang Yong Wen
_91203194
245 4 _aThe Chinese Electronics Industry
260 _bTaylor and Francis
260 _c1999
365 _a
365 _b400
856 _uhttp://www.taylorfrancis.com/books/9781315213965
942 _cEBOOK
999 _c1804911
_d1804911